Follow That Line: 'Willy Wonka & the Chocolate Factory' Quiz Stats

 Plays Quiz Updated Nov 28, 2016

Also try: Oompa Loompa Song
Challenge
Share
Tweet
Embed
Score 0/24 Timer 08:00
4 Plays Today
% Correct
Because that pipe doesn't go to the marshmallow room, it goes to the fudge room!
92.9%
He wouldn't have invented roller skates.
92.4%
Hm... well, I think that furnace is only lit every other day, so they have a good sporting chance, haven't they?
91.9%
If she's a lady, I'm a Vermicious Knid.
91.6%
Well, he lived happily ever after.
91.1%
That's 105%!
90.5%
Oh, well, then you know all about it and what a terrible country it is.
90.3%
No, that's Wonka wash, spelled backwards.
89.2%
They don't know that. I'm trying to get ahead for next year.
88.5%
No, roast beef. But I haven't got it quite right yet.
88.2%
Yeah, you took real good care of that August kid.
87%
You bumped into the ceiling which now has to be washed and sterilized, so you get nothing! You lose! Good day, sir!
84.7%
% Correct
There's no better time to learn.
84%
Candy is dandy, but liquor is quicker.
82.9%
I hope it'll last.
80.6%
Why? Are you having fun?
80.5%
It should, Charlie; it's got more gas in it than a politician.
78.7%
How long will they give me to think it over?
78.3%
Probably.
77.9%
Help. Police, murder.
75.9%
I'm sorry, but all questions *must* be submitted in writing.
75.4%
Now, don't get excited. Don't lose your head, Augustus. We don't want anybody to lose that.
73%
Can it, you nit!
69.5%
Is it my soul that calls upon my name?
45.2%

You're not logged in!

Compare scores with friends on all Sporcle quizzes.
OR
Log In

You Might Also Like...

Show Comments

Extras

Top Quizzes Today


Score Distribution

Your Account Isn't Verified!

In order to create a playlist on Sporcle, you need to verify the email address you used during registration. Go to your Sporcle Settings to finish the process.

Report this User

Report this user for behavior that violates our Community Guidelines.

Details: